Sales tax manual : (Record no. 56496)

MARC details
000 -LEADER
fixed length control field 00689cam a22002171 4500
001 - CONTROL NUMBER
control field sa 64000938
003 - CONTROL NUMBER IDENTIFIER
control field DLC
005 - DATE AND TIME OF LATEST TRANSACTION
control field 20260227111959.0
008 - FIXED-LENGTH DATA ELEMENTS--GENERAL INFORMATION
fixed length control field 900301s1962 ii 000 0 eng
010 ## - LIBRARY OF CONGRESS CONTROL NUMBER
LC control number sa 64000938
035 ## - SYSTEM CONTROL NUMBER
System control number (OCoLC)21142265
040 ## - CATALOGING SOURCE
Original cataloging agency DLC
Transcribing agency ViU
Modifying agency ViU
-- DLC
042 ## - AUTHENTICATION CODE
Authentication code premarc
050 00 - LIBRARY OF CONGRESS CALL NUMBER
Classification number KPL3147.A311951
Item number A4 1962
110 1# - MAIN ENTRY--CORPORATE NAME
Corporate name or jurisdiction name as entry element Pakistan.
245 10 - TITLE STATEMENT
Title Sales tax manual :
Remainder of title corrected up to 1st July, 1962 /
Statement of responsibility, etc. issued under the authority of the Central Board of Revenue.
260 ## - PUBLICATION, DISTRIBUTION, ETC.
Place of publication, distribution, etc. Karachi :
Name of publisher, distributor, etc. Manager of Publications,
Date of publication, distribution, etc. 1962.
300 ## - PHYSICAL DESCRIPTION
Extent iii, 64 p. :
Other physical details ill. ;
Dimensions 24 cm.
650 #0 - SUBJECT ADDED ENTRY--TOPICAL TERM
Topical term or geographic name entry element Sales tax
Geographic subdivision Pakistan.
710 1# - ADDED ENTRY--CORPORATE NAME
Corporate name or jurisdiction name as entry element Pakistan.
Subordinate unit Central Board of Revenue.

No items available.

Powered by Koha